Vivere con l'HIV
Uloženo v:
| Další autoři: | , |
|---|---|
| Médium: | Kniha |
| Jazyk: | angličtina |
| Vydáno: |
Genova
Erga
2006
|
| Tagy: |
Žádné tagy, Buďte první, kdo vytvoří štítek k tomuto záznamu!
|
MARC
| LEADER | 00000nam a2200000 4500 | ||
|---|---|---|---|
| 005 | 20231113212842.0 | ||
| 008 | 231113b |||||||| |||| 00| 0 eng d | ||
| 040 | |c C | ||
| 082 | |a 616.9792 | ||
| 245 | |a Vivere con l'HIV | ||
| 260 | |a Genova |b Erga |c 2006 | ||
| 500 | |a Sul front.: Regione Liguria, Dipartimento di Scienze della Salute-Università di Genova, ASL 2 savonese, NAM, CLPS. | ||
| 700 | |a Vitale, Arianna |c (traduzione italiana a cura di) | ||
| 700 | |a Cardinale, Francesco |c (traduzione italiana a cura di) | ||
| 942 | |2 ddc |c BK |n 0 | ||
| 952 | |0 0 |1 0 |2 ddc |4 0 |6 361_060710000000000_VIT_VIV |7 1 |9 199 |a GE |b GE |d 2013-10-19 |l 0 |o 361.06071 VIT VIV |p 1341 |r 2023-11-13 21:29:15 |w 2023-11-13 |y BK | ||
| 999 | |c 167 |d 167 | ||